Greek Gods Family Tree Quiz - Statistics

General Stats
  • This quiz has been taken 134 times
  • The average score is 15 of 19
Answer Stats
Hint Answer % Correct
and the other the god
of the Underworld
Hades
91%
Who had 2 brothers,
god of the sea...
Poseidon
90%
the god of war Ares
86%
and she was the goddess of... Love/Beauty
86%
Zeus also had _ immortal children 7
85%
the goddess of the hunt Artemis
85%
and the god of wine Dionysus
85%
the goddess of wisdom Athena
81%
the god of the forge Hephaestus
81%
the god of light Apollo
79%
and three sisters, the
goddess of marriage...
Hera
79%
the god of messages Hermes
78%
the goddess of the hearth Hestia
78%
Who fell to his son... Cronus
76%
and the goddess of the
harvest
Demeter
76%
Gaia married... Uranus
74%
and the above had a daughter... Persephone
73%
one had a wife named Aphrodite
69%
Who fell to his son... Zeus
69%
No matching quizzes found
Score Distribution
Percent of People with Each Score
Percentile by Number Answered
Your Score History
You have not taken this quiz